The All England law reports reprint 1922: being a selection from the law times reports 1843-1935 revised and annotated. / (Record no. 4643)
[ view plain ]
| 000 -LEADER | |
|---|---|
| fixed length control field | 00539nam a22001577a 4500 |
| 008 - FIXED-LENGTH DATA ELEMENTS--GENERAL INFORMATION | |
| fixed length control field | 140911b xxu||||| |||| 00| 0 eng d |
| 020 ## - INTERNATIONAL STANDARD BOOK NUMBER | |
| International Standard Book Number | 0406000417 |
| 050 ## - LIBRARY OF CONGRESS CALL NUMBER | |
| Classification number | KD288.A6(1922) |
| 245 ## - TITLE STATEMENT | |
| Title | The All England law reports reprint 1922: being a selection from the law times reports 1843-1935 revised and annotated. / |
| Statement of responsibility, etc. | edited by G.F.L. Bridgman et al... |
| 260 ## - PUBLICATION, DISTRIBUTION, ETC. | |
| Place of publication, distribution, etc. | London: |
| Name of publisher, distributor, etc. | Butterworth, |
| Date of publication, distribution, etc. | 1960. |
| 300 ## - PHYSICAL DESCRIPTION | |
| Extent | 802p. |
| Dimensions | 23cm. |
| 700 ## - ADDED ENTRY--PERSONAL NAME | |
| Personal name | Bridgman, G.F.L. |
| 700 ## - ADDED ENTRY--PERSONAL NAME | |
| Personal name | Swingland, O.M.W. |
| 700 ## - ADDED ENTRY--PERSONAL NAME | |
| Personal name | Summerfield, Henry |
| 942 ## - ADDED ENTRY ELEMENTS (KOHA) | |
| Source of classification or shelving scheme | Library of Congress Classification |
| Koha item type | Books |
| Withdrawn status | Lost status | Source of classification or shelving scheme | Damaged status | Not for loan | Home library | Current library | Shelving location | Date acquired | Total Checkouts | Full call number | Barcode | Date last seen | Price effective from | Koha item type |
|---|---|---|---|---|---|---|---|---|---|---|---|---|---|---|
| Library of Congress Classification | WISCONSIN INTERNATIONAL UNIVERSITY COLLEGE, GHANA - MAIN LIBRARY | WISCONSIN INTERNATIONAL UNIVERSITY COLLEGE, GHANA - MAIN LIBRARY | Law Library | 11/09/2014 | KD288.A6(1922) | 1036/24/14 | 11/09/2014 | 11/09/2014 | Books |
